000 00299nam a2200133Ia 4500
008 190216s9999||||xx |||||||||||||| ||und||
100 _aNull
245 0 _aMsce Test Success Windows 95
250 _a1st Ed.
260 _bBpb Publications
_c1997
300 _a363
650 _aComputer
942 _cBK
999 _c8593
_d8593